Základy finančnej a poistnej matematiky 1. časť

Podrobná bibliografia
Hlavní autori: Lamoš, František, 1932- (Autor), Potocký, Rastislav (Autor)
Médium: Kniha
Jazyk:slovenčina
Fyzický popis:43 s. 21 cm
Vydavateľské údaje: Bratislava Metodické centrum 1995
ISBN:8085185989
Predmet:

MARC

LEADER 00000nam a2200000 a 4500
001 vtls001217505
003 SK-MaSNL
005 20260301194734.0
008 240318s1995 xo r slo
015 |a SNBA1996/0702039 
020 |a 8085185989  |c (250 výt.) 
035 |a SNK000160661 
035 |a urn:nbn:sk:snk-amkf2o 
035 |a urn:nbn:sk:snk-am003dsh 
035 |a 6554B92A-88C5-463E-B467-B531D6BA7BD1 
040 |a SNK  |b slo  |c SNK  |e AACR2 
041 0 |a slo 
044 |a xo  |c SK 
080 |a 51-7:336+368(075)  |2 1981 
080 |a 336(075)  |2 1981 
080 |a 368(075)  |2 1981 
100 1 |a Lamoš, František,  |d 1932-  |4 aut  |9 39517 
245 1 0 |a Základy finančnej a poistnej matematiky  |n 1. časť  |c František Lamoš, Rastislav Potocký 
260 |a Bratislava  |b Metodické centrum  |c 1995 
300 |a 43 s.  |c 21 cm 
650 0 7 |a poistná matematika  |2 SNKPH  |9 67937 
650 0 7 |a finančná matematika  |2 SNKPH  |9 66402 
655 7 |a príručky  |2 SNKPH  |9 74364 
655 7 |a učebnice  |2 SNKPH  |9 22521 
700 1 |a Potocký, Rastislav  |4 aut  |9 282941 
919 |a 80-85185-98-9 
958 |a TL 
958 |a BQ 
999 |c 882994  |d 884924 
952 |t P60, <09>, [BOOK], {629}  |a SNK  |b SNK  |y NEVYP  |7 0  |o snkC 1009/1  |i snk1893/960524  |0 0  |1 0  |4 0  |d 1996-05-22  |l 0  |r 2005-01-01 00:00:00  |w 2026-02-24 
952 |t P60, <03>, [BOOK], {603}  |a SNK  |b SNK  |y PREZ  |7 0  |p 17A0005034  |o snkSC 90604/1  |i snkKSP 4590/96  |0 0  |1 0  |4 0  |d 1996-05-22  |f 1  |l 0  |r 2025-09-09 00:00:00  |w 2026-02-24 
952 |t P60, <04>, [BOOK], {604}  |a SNK  |b SNK  |y VYP  |7 0  |p 17A0005033  |o snkSC 90604/1 D1  |i snkKSP 4591/96  |0 0  |1 0  |4 0  |d 1996-05-22  |l 0  |r 2005-01-01 00:00:00  |w 2026-02-24